BIBLIOTHÈQUE DE LA MAISON DU MEXIQUE

Logo 1 Logo 2

Arquitectura romana (notice nᵒ 9590)

détails MARC
000 -Sello discográfico
campo de control de longitud fija 00912nam a2200337 4500
005 - Identificación de versión
campo de control 20251016085212.0
035 ## - Otros números de control del sistema
Número de control del sistema 9030
099 ## - fechas locales
Tipo de ítem Koha LIBRO
100 ## - Datos de procesamiento general
Datos de procesamiento general 20030807d1969 m y1spay5003 ba
105 ## - Campo de datos codificados: Material textual, monográfico
Datos codificados de monografía a 001zy
200 1# - Título y mención de responsabilidad
Título propio Arquitectura romana
Designación general del material texto impreso
Primer mención de responsabilidad Vagn Poulsen
Declaración de responsabilidad subsiguiente traducción Carlos Gerhard
210 ## - Publicación, distribución, etc.
Lugar de publicación, distribución, etc. México
Nombre del editor, distribuidor, etc. Fondo de Cultura Económica
Fecha de publicación, distribución, etc. 1969
215 ## - Descripción física
Designación de material específico y extensión del ítem 100 p
Otras características físicas principalmente il.
Dimensiones 27 cm
318 ## - Nota de acción
Acción No se presta a domicilio
345 ## - Nota de información de adquisición
Fuente de adquisición/dirección de la suscripción [OBSOLETO] Donación
606 ## - Término temático usado como materia
Elemento de entrada Arte romano
Subdivisión temática Historia
Número Koha 15971
676 ## - Clasificación Decimal Dewey
Número R722.7 P875a
700 ## - Nombre personal - Responsabilidad primaria
Elemento de entrada Poulsen
Parte del nombre distinta del elemento de entrada Vagn
Fechas 1909-1970
Número Koha 15972
702 ## - Nombre personal - Responsabilidad secundaria
Elemento de entrada Gerhard
Parte del nombre distinta del elemento de entrada Carlos
Fechas 1899-1976
Número Koha 9574
801 #0 - Fuente de origen
Agencia cm
900 ## -
-- 1/4194
900 ## -
-- 7100315941\070803
942 ## - ELEMENTOS DE ENTRADA SECUNDARIOS (KOHA)
Tipo de ítem Koha Livre

Pas d'exemplaire disponible.